000 00772nam a2200241Ia 4500
003 GCL
008 140319s9999 xx 000 0 ara d
040 _aGCL /
_cGCL
082 0 4 _a172
_bم ى
100 1 _aمور، توماس
245 1 0 _aيوتوبيا /
_cمور، توماس
700 1 _aانجيل بطرس سمعان
260 _aالقاهرة :
_bالهيئة المصرية العامة للكتاب ،
_c1987
300 _a239 ص ؛
_c18 سم
490 _a
650 0 4 _aالقصة الانجليزية المترجمة
650 0 4 _aالعلوم السياسية
650 0 4 _aنظم الحكم
650 0 4 _aالمدن الفاضلة
650 0 4 _aالادب الانجليزى المترجم
650 0 4 _aيوتوبيا
942 _2ddc
_cBK
999 _c34876
_d34876